000 00300nam a22001337a 4500
008 171005b xxu||||| |||| 00| 0 eng d
020 _a9780028619491
041 _aeng
080 _a159.9
100 _a49
101 _aPSI
245 _aCOMPLETE IDIOTS GUIDE YOGA
_cADAMSON,E
942 _2udc
_cBK
999 _c31955
_d31955